Statistiken für Die 10 seltensten Fortnite Skins

Klicken Sie hier um das Quiz zu spielen!

Allgemein

  • Dieses Quiz wurde 148 mal gespielt
  • Das Durchschnittsergebnis liegt bei 4 aus 10

Antwortstatistiken

Antwort% Korrekt
Reaper
90%
Schwarzer Ritter
79%
Galaxy
74%
Abtrünniger Räuber
56%
Schwarze Witwe
44%
Demogorgon
23%
Royaler Bomber
20%
Luftangrifssoldat
14%
Ehrengarde
8%
Doppelhelix
6%

Verteilung der Resultate

Perzentil nach korrekt beantworteten Fragen

Anzahl Personen mit jedem Resultat

Ihre Resultats-Entwicklung

Sie haben dieses Quiz noch nicht gespielt